Havana - Camila Cabello Feat. Young Thug - All Lyrics - Statistics

General Stats
  • This quiz has been taken 250 times
    216 since last reset
  • The average score is 314 of 406
Answer Stats
Answer % Correct
Havana,
100%
Havana
100%
Havana...
100%
I
100%
Oh,
100%
Oh
100%
(Oh)
100%
(Oh,
100%
oh,
100%
ooh
100%
Ooh,
100%
ooh,
100%
Ooh
100%
(Ooh,
100%
ooh-ooh
100%
ooh-ooh)
100%
(Yeah,
100%
yeah)
100%
a
99%
mmm
99%
na,
99%
na-na
99%
na-na,
99%
na-na-na
99%
na-na-na,
99%
He
98%
he
98%
in
98%
is
97%
my
97%
My
97%
heart
96%
me
94%
me,
94%
me)
94%
to
93%
B
92%
of
90%
Hey,
89%
back
85%
Back
85%
back,
85%
back)
85%
Half
85%
you
84%
the
83%
took
82%
do
78%
Atlanta,
76%
Atlanta
76%
Atlanta)
76%
it
76%
East
75%
go
74%
When
72%
when
72%
"how
71%
him
69%
him,
69%
his
69%
doin'?"
68%
like...
68%
like,
68%
like
68%
There's
68%
there's
68%
that
63%
That
63%
and
62%
And
62%
'bout
62%
got
62%
Got
62%
left
62%
somethin'
62%
with
60%
but
59%
But
59%
homie
59%
(Homie)
59%
manners
59%
manners,
59%
on
59%
(On
59%
had
58%
said
58%
feelin'
57%
tell
57%
then
57%
can
56%
met
55%
up
55%
loved
54%
knew
53%
minute
53%
no
53%
no)
53%
(No,
53%
no,
53%
girl
51%
Just
50%
came
49%
didn't
48%
room
48%
can't
46%
lot
46%
girls
43%
fresh
41%
Fresh
41%
(Fresh
41%
This
41%
forever
40%
out
40%
Take
40%
take
40%
graduated,
38%
walk
38%
was
37%
She
35%
without
34%
get
33%
her
32%
(Jeffery)
31%
that's
31%
(That's
31%
papa
30%
says
30%
If
29%
night
29%
campus,
28%
jam
26%
traffic
26%
malo
24%
summer
24%
babe)
22%
baby
22%
history
21%
million,
21%
June
20%
gettin'
19%
makin',
19%
pay
19%
Shawty
19%
Bump
18%
damn
18%
cost
17%
mula,
17%
quick
15%
Sam
15%
Uncle
15%
Shawty
14%
waited
14%
bacon
13%
cravin'
13%
blank,
12%
bumper
12%
close
12%
Point
12%
range,
12%
cakin'
11%
eatin'
7%
No matching quizzes found
Score Distribution
Percent of People with Each Score
Percentile by Number Answered
Your Score History
You have not taken this quiz since the last reset